Crítica del pensamiento Crítico
Gorde:
| Egile nagusia: | |
|---|---|
| Formatua: | Liburua |
| Hizkuntza: | Undetermined |
| Argitaratua: |
Heredia, Costa Rica
Universidad Nacional
1989
|
| Gaiak: | |
| Etiketak: |
Etiketa erantsi
Etiketarik gabe, Izan zaitez lehena erregistro honi etiketa jartzen!
|
MARC
| LEADER | 00000nam a2200000Ia 4500 | ||
|---|---|---|---|
| 008 | 170316s9999 xx 000 0 und d | ||
| 090 | |a 100 M-52c | ||
| 100 | |a Molina Jiménez, Carlos | ||
| 245 | |a Crítica del pensamiento Crítico | ||
| 260 | |a Heredia, Costa Rica | ||
| 260 | |b Universidad Nacional | ||
| 260 | |c 1989 | ||
| 300 | |a 65 páginas | ||
| 650 | |a FILOSOFÍA | ||
| 650 | |a POLÍTICA | ||
| 999 | |c 17036 |d 17036 | ||
| 040 | |a cru BVZT | ||
| 942 | |c 15 D |h 100 M-52c |2 z | ||
